[Event "III Copa Marcel Duchamp 2019"]
[Site "Montevideo"]
[Date "2019.02.14"]
[Round "6.17"]
[White "Siddeley, Hugh"]
[Black "Coppola, Claudio"]
[Result "0-1"]
[WhiteElo "1968"]
[BlackElo "2209"]
[Annotator "TA"]
[PlyCount "168"]
[EventDate "2019.02.09"]
[EventType "swiss"]
[EventCountry "URU"]
[SourceTitle "playchess.com"]
[Source "ChessBase"]
[SourceQuality "1"]

{[%evp 19,168,18,54,-6,0,-59,37,38,32,28,40,42,83,85,101,99,128,106,114,99,100,79,72,64,67,26,112,108,72,0,0,-47,16,-39,-39,-79,-40,-52,-14,-22,57,0,318,296,709,60,208,224,195,0,40,43,37,33,48,0,37,-35,0,-7,62,64,130,0,0,0,0,0,0,0,0,0,29,-20,96,0,8,-29,0,-3,0,-8,88,20,33,31,27,-142,-148,-144,-72,-151,0,0,0,0,0,-5,0,-2,0,0,0,-2,0,-8,-8,-1000,-967,-1308,-1135,-1728,-1443,-1779,-1608,-1681,-1600,-1954,-1503,-29956,-29957,-5931,-5595,-29959,-29960,-29960,-29961,-29943,-29945,-29945,-5915,-5919,-4125,-5244,-4918,-29968,-29969,-29969,-1381,-29969,-29971,-29959,-29962,-29972,-29974,-29972,-29975,-29976,-29976,-29971,-29975]} 1. e4 c5 2. d4 d6 3. Nf3 cxd4 4. Nxd4 Nf6 5. Nc3 g6 6. Be3 Bg7 7. f3 O-O 8. Qd2 Nc6 9. Bc4 Bd7 10. O-O-O Rb8 11. g4 {B78: Sicilian Dragon: Yugoslav Attack, 9 Bc4 Bd7 10 0-0-0 Rc8} (11. Kb1 $14) (11. Bb3 Na5 12. h4 b5 13. h5 Nc4 14. Bxc4 bxc4 15. hxg6 fxg6 16. Bh6 Qb6 17. b3 Bxh6 18. Qxh6 Qa5 19. Kb2 Rfc8 20. Nd5 cxb3 21. axb3 Kf7 22. Qd2 Qxd2 23. Rxd2 {½-½ (46) Fedoseev,V (2724)-Nakamura,H (2787) Moscow 2018}) 11... b5 $11 12. Bb3 (12. Nxc6 $11 Bxc6 13. Bb3) 12... Na5 (12... Ne5 $15) 13. Kb1 {White is slightly better.} Nc4 14. Bxc4 $1 bxc4 15. Ka1 Qc7 16. h4 Rfc8 17. h5 Qb7 {[%csl Gb8][%cal Rb7b2]} 18. Rb1 $1 Rc5 19. hxg6 fxg6 20. Nde2 $146 Ra5 21. Bd4 Qb4 22. b3 Bf8 (22... g5 $11) 23. g5 Nh5 24. Rhd1 (24. Qe3 $16 Rc8 25. Nd5 (25. Bxa7 Ng3 $17)) 24... Rc8 25. f4 Rc6 (25... Bg4 $15 26. Nd5 Qxd2 27. Rxd2 e6 28. Nf6+ Nxf6 29. Bxf6 cxb3 30. Rxb3 Rac5) 26. bxc4 (26. Qe3 $11) 26... Qxc4 $15 27. Qd3 Be6 {[%cal Ra5a2]} (27... Bg4 $5 {[%cal Rg4e2]} 28. Qxc4+ Rxc4 $17) 28. Rb2 Rca6 29. Kb1 Qc6 (29... Qc8 $11) 30. Rf1 (30. f5 $1 $14 Bc4 31. Qh3) 30... Ra3 $2 {[%mdl 8192]} (30... Bc4 $11 31. Qh3 e6) 31. f5 $1 $18 {[%cal Rf5e6]} Bc4 $2 {[#]} (31... gxf5 32. Qh3 Bxa2+ 33. Rxa2 Rxa2 34. Nxa2 Qb5+ 35. Qb3+ Qxb3+ 36. cxb3 fxe4) 32. Qd2 $2 (32. fxg6 $1 $18 {[%mdl 512]} hxg6 33. Rxf8+ $1 {[%mdl 512]} (33. Qf3 Qe8 $11) 33... Kxf8 34. Qf3+ Bf7 35. Rb8+ Qe8 36. Rxe8+ Kxe8 37. e5) 32... R6a5 (32... Qc8 $14) 33. fxg6 hxg6 34. Rf2 $2 (34. Rb8 $18 Bf7 35. e5 dxe5 36. Bxe5 Rxe5 37. Qd8) 34... e5 35. Rb8 Bf7 {Strongly threatening ...Qc7.} 36. Be3 Qc7 (36... Bxa2+ $2 37. Nxa2 Rb5+ 38. Rxb5 $18) 37. Rb2 (37. Rb3 $5) 37... Qc8 38. Nd5 (38. Rb3 $14) 38... Qc4 (38... Bxd5 $5 39. exd5 Ng7 $15) 39. Ndc3 {[#]} Qa6 (39... Ng3 $1 $11 {[%mdl 512]} 40. Nxg3 Rxc3) 40. Nc1 $1 $14 Qc4 {[#]} (40... Qc6 $14 41. Rb3 Qc7) 41. Nb3 (41. Rb7 $1 $16 Qxc3 42. Qxc3 (42. Rbxf7 Bg7 $11) (42. Rfxf7 Qxd2 43. Bxd2 Rb5+ 44. Rxb5 Kxf7 $11) 42... Rxc3 43. Bd2 {[%mdl 64] Skewer} (43. Rbxf7 Rc8 $15)) 41... Ra6 $11 {[%cal Ba5a6,Ba6c6,Bc6c3][%mdl 32] Threatens to win with ...Rc6.} 42. Qd3 Rc6 43. Nd5 Bxd5 44. exd5 Qxd3 45. cxd3 Rc3 46. Nc1 Ng3 (46... Rc8 $11 {keeps the balance.}) 47. Rb7 (47. Rf6 $16 Rc8 48. Bd2 (48. Rxg6+ Kh7 $16)) 47... Nf5 $132 {[%mdl 2048] Black is not keeping still} 48. Bxa7 Ra5 49. Rc2 Rxc2 50. Kxc2 Rxd5 (50... Be7 $1 $11) 51. Ne2 ({White should try} 51. Nb3 $16 {And now Kc3 would win.} Ne7 52. a4) 51... Be7 52. Nc3 Ra5 53. Ne4 $2 (53. Kb3 $11) 53... Rxa2+ $17 54. Kb3 Rg2 (54... Ra6 $142 55. Bb6 Kf7) 55. Kc4 {[#]} ({Better is} 55. Bb8) 55... Bxg5 $2 (55... Kf7 $1 $17 {aiming for ...Ke6.} 56. d4 exd4 57. Bxd4 Ke6) 56. Kd5 $11 Be7 {Black wants to play ...Kf7.} 57. Ke6 Rh2 58. Bb8 Rh7 59. Rc7 Nd4+ 60. Kd5 Nf5 61. Ke6 Rf7 62. Rc8+ Kg7 {White should prevent ...g5.} 63. Nxd6 $2 {[%mdl 8192]} (63. Rc7 $11) 63... Bxd6 $19 64. Bxd6 Rf6+ 65. Kxe5 Nxd6 {[%mdl 4096] Endgame KRN-KR} 66. Rc7+ Nf7+ 67. Ke4 g5 68. d4 g4 69. Rc3 Ng5+ 70. Ke5 Kg6 {( -> ...Rf5+)} 71. d5 Rf5+ 72. Kd4 Rf4+ 73. Ke5 Re4+ 74. Kd6 Rd4 (74... Kf5 $142 75. Rd3 Kf4 76. Rd1 g3 77. Kc6 Nf3 78. d6 Rd4 79. Rc1 g2 80. Kc7 Ne5 81. Ra1 Kg3 82. Ra3+ Kh2 83. Ra1 g1=Q 84. Rxg1 Kxg1 85. Kd8 Rxd6+ 86. Kc7 Rc6+ 87. Kb7 Rd6 88. Ka7 Re6 89. Kb8 Kf2 90. Kc8 Ke3 91. Kc7 Kd4 92. Kd8 Kc5 93. Kc7 Rb6 94. Kd8 Kd6 95. Kc8 Rb4 96. Kd8 Rb8#) 75. Ke5 Nf3+ 76. Ke6 Re4+ 77. Kd7 Ne5+ 78. Ke6 Nc4+ 79. Kd7 Kf5 {Black mates.} 80. Kc6 Kf4 81. d6 g3 82. d7 Ne5+ 83. Kc7 {[#]} Nxd7 $1 84. Kxd7 g2 {Accuracy: White = 31%, Black = 43%.} 0-1

[Event "III Copa Marcel Duchamp 2019"]
[Site "Montevideo"]
[Date "2019.02.13"]
[Round "6.18"]
[White "Araque, Jairo"]
[Black "El Ters, Antouan"]
[Result "0-1"]
[WhiteElo "1961"]
[BlackElo "2205"]
[Annotator "TA"]
[PlyCount "124"]
[EventDate "2019.02.09"]
[EventType "swiss"]
[EventCountry "URU"]
[SourceTitle "playchess.com"]
[Source "ChessBase"]
[SourceQuality "1"]

{[%evp 18,124,24,17,14,6,10,6,6,6,7,0,5,12,18,19,15,9,158,146,168,66,106,96,101,38,47,49,67,68,118,0,0,0,29,-34,-6,-34,-29,-60,-37,-40,-43,-38,0,0,8,7,0,0,13,22,17,16,35,0,0,0,0,0,0,0,0,0,0,0,54,57,397,0,0,0,0,0,0,0,0,0,0,0,30,0,0,0,0,0,0,0,0,0,0,0,0,-235,-248,-979,-881,-1001,-997,-1886,-1808,-2017,-1982,-3142,-2607,-2328,-1882,-1657,-1558]} 1. d4 Nf6 2. Bf4 b6 3. e3 Bb7 4. Nf3 g6 5. Be2 Bg7 6. Nbd2 d6 7. h3 c5 8. c3 Nbd7 9. O-O O-O 10. Qb3 e5 {A48: 1 d4 Nf6 2 Nf3 g6: Torre, London and Colle Systems} (10... a6) 11. dxe5 dxe5 12. Bh2 e4 $1 {[%cal Re4f3] The position is equal.} 13. Ne1 $1 Qe7 14. Rd1 $146 ({Predecessor:} 14. Nc2 Ne5 15. Bxe5 Qxe5 16. Rfd1 Rad8 17. a4 Bc6 18. Na3 {0-1 (52) Engelman,T (1828)-Zupancic,U (1907) Otocec 2016}) 14... Ne5 15. Nc4 Nxc4 16. Bxc4 {And now Bd6 would win.} Rfd8 17. Nc2 Nd7 (17... Ne8 $11 {remains equal.}) 18. Bc7 Rdc8 {[#]} 19. Bd6 (19. Bxf7+ $1 $18 {[%mdl 512]} Qxf7 20. Qxf7+ Kxf7 21. Rxd7+ Kg8 22. Be5 Bxe5 23. Rxb7) 19... Qf6 20. a4 Bc6 21. Ba6 (21. Na3 $16) 21... Re8 $14 22. Rd2 Qf5 23. Rfd1 Be5 24. Bxe5 (24. Na3 $1 $16) 24... Nxe5 $11 25. Rd6 Re7 26. Ne1 ({Better is} 26. Na3 $11) 26... Rae8 27. Qc2 Re6 28. Rd8 Qg5 29. Rxe8+ Rxe8 30. Bb5 Nf3+ 31. Kf1 Nxe1 (31... Nh2+ {is more complex.} 32. Kg1 Nf3+) 32. Rxe1 Bxb5+ 33. axb5 {[%mdl 4096] Endgame KQR-KQR} Qd5 34. Rd1 Qc4+ 35. Qe2 Qe6 36. Qd2 Qb3 37. Qd7 $36 {[%mdl 2048] White fights for an advantage.} Re7 38. Qd8+ Kg7 39. Kg1 Re6 40. Rd2 Qxb5 41. Qb8 a5 (41... h5 $11) 42. Rd8 $1 $14 {[%mdl 1024] White has compensation.} Qc6 $2 {[%mdl 8192] [#]} (42... Kf6 $1 $14) 43. Rg8+ $2 ({White has to play} 43. g4 $1 $18 h6 44. h4) 43... Kf6 $11 44. Qf8 Re7 45. Qg7+ Ke6 46. Qxh7 Re8 47. Rxe8+ Qxe8 {KQ-KQ} 48. Qh4 Kd6 49. Qf4+ Kd5 50. b3 b5 {[%cal Bb6b5,Bb5a4,Ba4a3,Ba3a2][%mdl 32] White must now prevent ...a4.} 51. Qc7 a4 52. Qb7+ Kd6 53. bxa4 bxa4 54. Qa6+ Qc6 55. Qa5 $2 {[#]} (55. Qa7 $1 $11 {and White has nothing to worry.}) 55... Kd5 $1 $19 56. Kf1 $2 (56. Qd8+ Kc4 57. Qd2) 56... Kc4 {Black is clearly winning.} 57. Qa7 Kxc3 58. Qxf7 a3 59. Qg7+ Kc2 60. Qe5 Qb5+ 61. Kg1 Qb4 62. Kh2 a2 {Accuracy: White = 47%, Black = 50%.} 0-1

[Event "III Copa Marcel Duchamp 2019"]
[Site "Montevideo"]
[Date "2019.02.13"]
[Round "6.19"]
[White "Escofet, Jaime"]
[Black "Hernandez Amura, Gilberto"]
[Result "0-1"]
[WhiteElo "1957"]
[BlackElo "2199"]
[Annotator "RC"]
[PlyCount "66"]
[EventDate "2019.02.09"]
[EventType "swiss"]
[EventCountry "URU"]
[SourceTitle "playchess.com"]
[Source "ChessBase"]
[SourceQuality "1"]
[TimeControl "5400+30"]

1. b3 Nf6 2. Bb2 g6 3. Bxf6 exf6 4. c4 Bg7 5. Nc3 O-O 6. g3 Nc6 7. Bg2 d6 8. Nf3 Bg4 9. h3 Bxf3 10. Bxf3 f5 11. O-O h5 12. h4 f4 13. Rc1 fxg3 14. fxg3 Qd7 15. Bg2 Qg4 16. Ne4 Nd4 17. Kh2 Be5 18. Bf3 Qxh4+ 19. Kg2 Qe7 20. e3 Nf5 21. Kf2 c6 22. Rg1 d5 23. cxd5 cxd5 24. Nc5 Rac8 25. Nd3 d4 26. e4 Rxc1 27. Qxc1 Nd6 28. g4 Bh2 29. Rg2 Nxe4+ 30. Bxe4 Qxe4 31. Rxh2 Qxd3 32. gxh5 Re8 33. Kg1 Qg3+ 0-1

[Event "III Copa Marcel Duchamp 2019"]
[Site "Montevideo"]
[Date "2019.02.13"]
[Round "6.20"]
[White "Suarez, Pedro"]
[Black "Benoit, Rodrigo"]
[Result "1-0"]
[WhiteElo "1950"]
[BlackElo "2189"]
[Annotator "TA"]
[PlyCount "53"]
[EventDate "2019.02.09"]
[EventType "swiss"]
[EventCountry "URU"]
[SourceTitle "playchess.com"]
[Source "ChessBase"]
[SourceQuality "1"]

{[%evp 12,53,21,12,29,14,12,11,14,3,13,5,14,1,26,-3,-5,-4,0,0,0,-4,-6,-18,0,-20,-18,-55,-64,-57,-42,-83,-46,-57,-37,-63,-24,-39,-38,-65,-73,-96,853,847]} 1. d4 d5 2. c4 c6 3. Nf3 Nf6 4. e3 g6 5. Nbd2 Bg7 6. Bd3 O-O 7. O-O Bf5 {D70: Grünfeld: Unusual White 3rd moves (met by ...d5)} (7... Nbd7 8. b3 b6 9. a4 a5 10. e4 dxe4 11. Nxe4 Bb7 12. Bb2 c5 13. Re1 Rc8 14. Qe2 cxd4 15. Bxd4 Nc5 16. Bxc5 bxc5 {1-0 (59) Nakamura,H (2785)-Caruana,F (2808) Stavanger 2017}) 8. Qc2 e6 9. b3 Re8 {The position is equal.} 10. Re1 $146 ({Predecessor:} 10. Bb2 Na6 11. a3 c5 12. cxd5 Bxd3 13. Qxd3 Nxd5 14. Qe2 cxd4 15. Nxd4 {1-0 (31) Porat,M (2005)-Gross,S (2275) Brno 2006}) 10... Nbd7 11. Bb2 a5 {[%cal Ba7a5,Ba5a4][%mdl 32]} 12. Rad1 Qe7 13. e4 Nxe4 14. Nxe4 dxe4 15. Bxe4 Bxe4 16. Rxe4 a4 17. Re3 Qb4 18. a3 axb3 19. Qe2 Qa4 20. Nd2 c5 21. Nxb3 cxd4 22. Bxd4 Bxd4 (22... Bf8 {with more complications.} 23. Bb2 Nb6 24. c5 Nd5 25. Rf3 Bg7) 23. Nxd4 Nc5 24. Rb1 Red8 25. Nb5 Rd7 26. Nc3 Rad8 $2 {[%mdl 8192] [#]} ({Not} 26... Qxa3 27. Nd5 $16) (26... Qc6 $17 27. Qb2 Qa6) 27. Nxa4 {Accuracy: White = 42%, Black = 24%.} 1-0

[Event "III Copa Marcel Duchamp 2019"]
[Site "Montevideo"]
[Date "2019.02.13"]
[Round "6.21"]
[White "Ramos Correa, Gabriel"]
[Black "Hurtado Bahamonde, Rodrigo"]
[Result "0-1"]
[WhiteElo "1920"]
[BlackElo "2172"]
[Annotator "TA"]
[PlyCount "48"]
[EventDate "2019.02.09"]
[EventType "swiss"]
[EventCountry "URU"]
[SourceTitle "playchess.com"]
[Source "ChessBase"]
[SourceQuality "1"]

{[%evp 17,48,22,25,-11,-4,-16,-17,-48,-5,-57,-54,-55,-47,-50,-60,-104,-88,-182,-175,-262,-252,-263,-250,-342,-337,-300,-306,-310,-302,-472,-479,-627,-594]} 1. d4 d5 2. c4 c6 3. Nc3 Nf6 4. Nf3 e6 5. e3 Bd6 6. Bd3 Nbd7 7. O-O O-O 8. e4 dxc4 9. Bxc4 e5 $1 10. dxe5 {D46: Semi-Slav: 5 e3 Nbd7 6 Bd3, Black avoids the Meran} (10. Be3 exd4 11. Bxd4 Qc7 12. Kh1 Ne5 13. Nxe5 Bxe5 14. Bxe5 Qxe5 15. f4 Qc5 16. Bd3 Rd8 17. Qf3 Be6 18. h3 Rxd3 19. Qxd3 {½-½ (37) Giri,A (2769)-Ding,L (2759) Shenzhen 2017}) 10... Nxe5 11. Nxe5 Bxe5 12. Qxd8 {The position is equal.} Rxd8 13. f3 ({White should try} 13. Re1 $11) 13... b5 $15 14. Be2 Bd4+ 15. Kh1 Be6 $36 {[%mdl 2048] Black has some pressure.} 16. Bg5 $146 ({Predecessor:} 16. g4 Nd7 17. Rd1 Bc5 {0-1 (49) Vetokhin,I (2031)-Tarasov,O (2264) Moscow 2018}) 16... h6 17. Bxf6 (17. Bh4 $17) 17... Bxf6 $19 18. f4 (18. e5 {might work better.} Bxe5 19. f4) 18... b4 {[%cal Bb5b4,Bb4c3,Bc3c2][%mdl 32]} 19. Na4 Rd2 {[%mdl 64] [#] Double Attack} 20. Bf3 Bxb2 21. Rad1 Bc3 22. Nxc3 bxc3 23. Rc1 (23. Kg1 {is a better defense.} Rad8 24. Rxd2 cxd2 25. Kf2) 23... c2 24. e5 {White hopes to continue with Be4.} Bd5 0-1

[Event "III Copa Marcel Duchamp 2019"]
[Site "Montevideo"]
[Date "2019.02.13"]
[Round "6.22"]
[White "Rodriguez Farias, Eduardo"]
[Black "Curi, Gabriel"]
[Result "0-1"]
[WhiteElo "1935"]
[BlackElo "2159"]
[Annotator "TA"]
[PlyCount "76"]
[EventDate "2019.02.09"]
[EventType "swiss"]
[EventCountry "URU"]
[SourceTitle "playchess.com"]
[Source "ChessBase"]
[SourceQuality "1"]

{[%evp 20,76,-2,0,2,0,62,66,47,0,37,54,67,8,43,0,-40,-137,-142,-233,-216,-292,-280,-342,-338,-345,-341,-341,-325,-342,-351,-342,-335,-454,-463,-509,-513,-504,-508,-516,-486,-533,-497,-491,-474,-523,-449,-499,-510,-532,-531,-672,-673,-960,-905,-2641,-2296,-29998,-29999]} 1. e4 e6 2. d4 d5 3. e5 c5 4. c3 Nc6 5. Nf3 Bd7 6. Be2 Nge7 7. O-O Rc8 8. Na3 cxd4 9. cxd4 Nf5 10. Nc2 Qb6 11. b3 Nb4 {C02: French: Advance Variation} 12. Ne3 Bb5 $146 ({Black should play} 12... Nxe3 $11 13. fxe3 (13. Bxe3 Be7 $11) 13... Be7) ({Predecessor:} 12... Be7 13. a3 Nc6 14. Nxf5 exf5 15. b4 h6 16. Bb2 O-O 17. Qd2 Rfe8 18. h4 Nd8 19. Rfc1 {½-½ (46) Sebag,M (2510)-Lysyj,I (2593) Moscow 2008}) 13. Nxf5 exf5 {White is slightly better.} 14. e6 f6 15. Bxb5+ Qxb5 16. Nh4 (16. Bd2 $14) 16... g6 $11 17. Nxf5 ({White should try} 17. a3 $14 Nc2 18. Ra2 Qxb3 19. Rb2) 17... gxf5 $15 18. Qh5+ (18. a3 $1 $15 Nc2 19. Ra2) 18... Kd8 $17 19. Qxf5 {[#]} (19. Ba3 $17 {keeps fighting.}) 19... Be7 $1 $19 20. Bh6 Qd3 21. Qh5 {intending a3.} Qg6 ({Less strong is} 21... Qxd4 22. Rfe1 $17) 22. Qh3 Rg8 23. g3 Rc2 24. Be3 h5 ({Don't do} 24... Nxa2 25. f3) 25. a3 Nc6 26. Qg2 Qf5 27. Rfc1 Rxc1+ {[%mdl 64] [#] Overworked Piece} 28. Rxc1 Bxa3 29. Rd1 h4 30. Bf4 Ke7 31. Qf3 Ke8 32. Qe2 Be7 33. Be3 a6 34. Rc1 Rh8 35. Bf4 Nxd4 36. Rc8+ Bd8 37. Qb2 Qe4 {( -> ...Qe1+)} 38. e7 Qe1+ {Accuracy: White = 14%, Black = 80%.} 0-1

[Event "III Copa Marcel Duchamp 2019"]
[Site "Montevideo"]
[Date "2019.02.13"]
[Round "6.23"]
[White "Munoz Perez, Rolando"]
[Black "Durante, Aurelio"]
[Result "0-1"]
[WhiteElo "2130"]
[BlackElo "1941"]
[Annotator "TA"]
[PlyCount "56"]
[EventDate "2019.02.09"]
[EventType "swiss"]
[EventCountry "URU"]
[SourceTitle "playchess.com"]
[Source "ChessBase"]
[SourceQuality "1"]

{[%evp 12,56,10,13,32,31,32,31,24,0,0,0,0,-6,1,3,5,-41,-36,-41,-12,-47,-35,-33,-35,-58,-60,-85,-86,-81,-97,-87,-81,-85,-78,-125,-138,-374,-324,-390,-372,-406,-350,-639,-276,-1423,-1399]} 1. d4 d5 2. c4 c6 3. Nc3 Nf6 4. Nf3 dxc4 5. a4 e6 6. e3 Bb4 7. Bxc4 O-O {D16: Slav Defence: 5 a4: Lines with 5...Bg4 and 5...Na6} (7... b6 8. O-O O-O 9. Qe2 a5 10. e4 Ba6 11. e5 Nd5 12. Ne4 h6 13. Rd1 Ra7 14. b3 Qe7 15. Ra2 {1-0 (28) Bareev,E (2667)-Tosic,M (2439) Rijeka 2010}) 8. O-O Nbd7 9. Qb3 a5 {White is slightly better.} 10. Rd1 Qe7 11. Na2 $146 ({Predecessor:} 11. e4 e5 12. Qc2 exd4 13. Nxd4 Ne5 14. Bf1 {1-0 (68) Taras,I (2252)-Colompar,A ICCF email 2006}) 11... Bd6 12. Nc3 Bb4 13. Bd2 e5 14. Be1 e4 15. Nd2 Nb6 16. Be2 Be6 17. Qc2 Bf5 18. Na2 Bd6 19. Qb3 Bc7 20. Nc3 Rfe8 21. Rac1 h5 $40 {[%mdl 128] Black has strong attack.} 22. Nf1 h4 23. f4 exf3 $1 24. gxf3 $2 (24. Bxf3 $17 {was forced.} h3 25. g3) 24... Bh3 25. e4 Nh5 {[#] ...Qg5+ is the strong threat.} 26. Bd2 {If only White now had time for e5....} Qf6 ({Less strong is} 26... Qd6 27. Be3 $19) 27. Kh1 $2 (27. Kf2 Bxf1 28. Kxf1) 27... Nf4 (27... Bf4 $142 28. Ne3 (28. Qxb6 {leads to mate.} Qg5 29. Ne3 Ng3+ 30. hxg3 Qxg3 31. Qxb7 Qh2#) 28... Qxd4) 28. Ne3 $2 (28. Bxf4 Qxf4 29. Qc2) 28... Nxe2 {[%mdl 64] Discovered Attack. Accuracy: White = 28%, Black = 60%.} 0-1

[Event "III Copa Marcel Duchamp 2019"]
[Site "Montevideo"]
[Date "2019.02.13"]
[Round "6.24"]
[White "Baudel, Simon"]
[Black "Arcos Facio, Mateo"]
[Result "1/2-1/2"]
[WhiteElo "1847"]
[BlackElo "2107"]
[Annotator "TA"]
[PlyCount "58"]
[EventDate "2019.02.09"]
[EventType "swiss"]
[EventCountry "URU"]
[SourceTitle "playchess.com"]
[Source "ChessBase"]
[SourceQuality "1"]

{[%evp 15,58,66,71,14,27,13,10,-9,30,-7,0,-11,7,6,19,0,30,27,70,35,50,43,81,32,27,27,66,50,44,13,19,15,24,25,41,39,43,40,66,53,70,47,47,39,39]} 1. e4 e5 2. Ne2 Bc5 3. d4 exd4 4. Nxd4 Nc6 5. Nb3 Bb4+ 6. Bd2 Bxd2+ 7. Qxd2 Nf6 {C45: Scotch Game} 8. Nc3 O-O {LiveBook: 9 Games} (8... d6 9. O-O-O O-O 10. f3 a5 11. Nd4 Nxd4 12. Qxd4 Be6 13. Bc4 Re8 14. Bxe6 Rxe6 15. Rd2 {1-0 (86) Jobava,B (2706)-Petrosian,T (2643) Plovdiv 2012}) 9. Bd3 (9. f3 $16) 9... d6 {The position is equal.} 10. O-O a5 $146 ({Predecessor:} 10... Re8 11. f3 Be6 12. Nd5 Ne5 13. c4 c6 14. Ne3 Qb6 15. Kh1 {0-1 (54) Agoston,A (2009)-Nestorovic,L (2357) Kragujevac 2011}) 11. a3 Be6 12. Nc1 {[%cal Bb3c1,Bc1e2,Be2d4][%mdl 32]} Ne5 13. N1e2 Nc4 (13... c6 {is more complex.} 14. Nf4 b5 15. Be2 Qc7 16. Qd4 Rad8) 14. Bxc4 Bxc4 15. b3 Ba6 16. Rfe1 Nd7 17. Qf4 Re8 18. Nd4 Qf6 19. Qxf6 (19. Qd2 {is interesting.} c6 20. Nf5 d5 21. Rad1 b5 22. Ng3) 19... Nxf6 20. f3 c6 21. Rad1 g6 22. Nde2 d5 23. exd5 Nxd5 24. Nxd5 cxd5 25. Kf2 {White is slightly better.} Rac8 26. Nd4 a4 27. Rxe8+ ({Much weaker is} 27. bxa4 Rxe1 28. Kxe1 (28. Rxe1 Rc4 $11) 28... Rc4 $11) 27... Rxe8 28. b4 {[#] And now b5 would win.} Bc4 29. Re1 Kf8 {Precision: White = 33%, Black = 26%.} 1/2-1/2

[Event "III Copa Marcel Duchamp 2019"]
[Site "Montevideo"]
[Date "2019.02.13"]
[Round "6.25"]
[White "Guerrero, Alvaro"]
[Black "Avedisian, Alexander"]
[Result "1-0"]
[WhiteElo "2096"]
[BlackElo "1921"]
[Annotator "NA RC"]
[PlyCount "59"]
[EventDate "2019.02.09"]
[EventType "swiss"]
[EventCountry "URU"]
[SourceTitle "playchess.com"]
[Source "ChessBase"]
[SourceQuality "1"]
[TimeControl "5400+30"]

1. d4 Nf6 2. c4 g6 3. Nc3 Bg7 4. e4 d6 5. f3 O-O 6. d5 c5 7. Nge2 e6 8. Ng3 exd5 9. cxd5 a6 10. a4 Nbd7 11. Be2 Ne5 {A65: Modern Benoni: 6 e4} (11... Ne8 12. Bf4 Rb8 13. O-O c4 14. Bxc4 Qb6+ 15. Rf2 Bd4 16. Qd2 Ne5 17. Bf1 Bxf2+ 18. Qxf2 Qxf2+ 19. Kxf2 {½-½ (32) Carlsen,M (2835)-Nepomniachtchi,I (2763) Wijk aan Zee 2019}) 12. O-O Nh5 $146 ({Predecessor:} 12... h5 13. Bg5 Rb8 14. f4 Neg4 15. e5 dxe5 16. fxe5 Nxe5 17. Nce4 Ned7 18. Qc1 Qe8 19. Rxf6 {1-0 (37) Gupta,A (2619)-S,M (2204) Kolkata 2018}) 13. Nxh5 gxh5 14. Kh1 f5 15. exf5 Bxf5 16. a5 Kh8 17. Ra4 Rg8 18. Ne4 Bxe4 19. Rxe4 ({Don't play} 19. fxe4 $6 Rf8 $11) 19... Qxa5 20. Rh4 Bf6 21. Rxh5 Qc7 22. f4 Qg7 23. g3 Ng6 24. Bd3 Raf8 25. Bf5 $18 Re8 26. Qc2 Bd4 27. Be6 Rgf8 28. f5 Qe5 29. Qg2 b5 30. Rxh7+ 1-0

[Event "III Copa Marcel Duchamp 2019"]
[Site "Montevideo"]
[Date "2019.02.13"]
[Round "6.26"]
[White "De la Torre, Andres"]
[Black "Sosa Macho, Juan Manuel"]
[Result "0-1"]
[WhiteElo "1634"]
[BlackElo "2079"]
[Annotator "NA RC"]
[PlyCount "22"]
[EventDate "2019.02.09"]
[EventType "swiss"]
[EventCountry "URU"]
[SourceTitle "playchess.com"]
[Source "ChessBase"]
[SourceQuality "1"]
[TimeControl "5400+30"]

1. Nf3 Nc6 2. g3 e5 3. d3 d5 4. Bg2 Bg4 5. c3 Be7 6. Nbd2 Qd7 7. e4 dxe4 8. dxe4 O-O-O 9. h3 Be6 10. Qa4 Kb8 11. Nb3 Qd1# {Nbd2 Qxf3 Nxf3 Rc8 Nd2} 0-1

[Event "III Copa Marcel Duchamp 2019"]
[Site "Montevideo"]
[Date "2019.02.13"]
[Round "6.27"]
[White "Meza, Anahi"]
[Black "Hart, Alexander"]
[Result "1-0"]
[WhiteElo "2058"]
[BlackElo "1881"]
[Annotator "NA RC"]
[PlyCount "41"]
[EventDate "2019.02.09"]
[EventType "swiss"]
[EventCountry "URU"]
[SourceTitle "playchess.com"]
[Source "ChessBase"]
[SourceQuality "1"]
[TimeControl "5400+30"]

{[%evp 23,41,47,61,32767,32767,337,341,259,470,344,333,344,444,462,553,32767,32767,609,864,884]} 1. d4 d5 2. c4 c6 3. Nf3 Nf6 4. Nc3 e6 5. e3 Nbd7 6. Qc2 Bd6 7. Bd3 dxc4 8. Bxc4 b5 9. Be2 {D46: Semi-Slav: 5 e3 Nbd7 6 Bd3, Black avoids the Meran} a6 (9... O-O 10. O-O Bb7 11. Rd1 Qc7 12. a3 a6 13. b4 a5 14. Bd2 axb4 15. axb4 Nd5 16. Rac1 Nxb4 17. Qb1 Be7 18. Nxb5 Qa5 19. Rc4 Qxb5 20. Bxb4 Bxb4 21. Rxb4 Qxe2 22. Rxb7 {1-0 (76) Sasikiran,K (2666)-Pourramezanali,A (2537) Hamedan 2018}) 10. O-O Bb7 11. e4 e5 12. dxe5 Nxe5 13. Nh4 Nd5 $146 ({Predecessor:} 13... Nfg4 14. Nf5 g6 15. Nxd6+ Qxd6 16. g3 Nf6 {1-0 (40) Tarun,K (2120)-Larmet,N (1835) Mumbai 2019}) 14. Nf5 ({Weaker is} 14. exd5 Qxh4 15. f4 cxd5 $18) 14... Nb4 15. Qb3 ({Less strong is} 15. Nxg7+ Kf8 $16) 15... g6 $2 (15... Bf8 16. Bf4 Nbd3) 16. Nxd6+ Qxd6 17. Rd1 Ned3 18. a3 c5 19. axb4 c4 {[#]} 20. Bxd3 $1 O-O-O 21. Bxc4 $18 1-0